000 01063nam a22002897a 4500
001 8006
003 FISKH
005 20250818152404.0
008 250818b cb ||||| |||| 00| 0 eng d
020 _a9781407531342
040 _aFISKH
_beng
_cFISKH
_dFISKH
050 _a PZ7.A38424 P
082 _a428.6
100 _aAlfonsi, Alice
245 _aStories from East high :
_bPoetry in Motion /
_cBy Alice Alfonsi
250 _aThis edition published by Parragon in 2008
260 _aBath, New York :
_bPaRRagon ,
_c2007.
300 _a144 pages :
_billustrations ;
_c20 cm .
490 _aDisney High School Musical: Stories from East High
_v3
505 _aR
520 _aChad doesn't know if he can pull off his English class assignment of reciting an original poem in front of the entire school after remembering his last poetry reading and how embarrassing it was.
521 8 _a700
_bLexile estimate
521 8 _aR
_bRaz-Plus
650 _aHigh School Musical
_vChilldren's Fiction
942 _2ddc
_cBK
_n0
999 _c8006
_d8006